| 000 | 01318cam a2200397 i 4500 | ||
|---|---|---|---|
| 001 | 768714001 | ||
| 003 | CO-MdFUSB | ||
| 005 | 20210114174307.0 | ||
| 007 | ta | ||
| 008 | 870403t1990 it b 001 0 eng | ||
| 010 | _a84213373 | ||
| 020 | _a8876535594 (pbk.) | ||
| 040 |
_aDLC _cCO-MdFUSB _dCAP _dCO-MdFUSB _dUtOrBLW _bspa _erda |
||
| 041 | 1 |
_aeng _ager |
|
| 082 |
_223 _a221.44 _bW872 |
||
| 090 | _aBS715 | ||
| 100 | 1 |
_aWonneberger, Reinhard. _eautor |
|
| 245 | 1 | 0 |
_aUnderstanding BHS : _ba manual for the users of Biblia Hebraica Stuttgartensia _c/ Reinard Wonneberger ; traducido por Dwight R. Daniels. |
| 264 | 1 |
_aRoma : _bEditrice Pontificio Istituto biblico, _c[1984] |
|
| 264 | 4 | _c© 1984 | |
| 300 |
_axii, 100 páginas ; _c25 cm. |
||
| 336 |
_atexto _btxt _2rdacontent. |
||
| 337 |
_asin mediación _bn _2rdamedia. |
||
| 338 |
_avolumen _bnc _2rdacarrier. |
||
| 490 | 1 | _aSubsidia Biblica ; | |
| 504 | _aBibliografía: ( páginas 77-84) | ||
| 505 | _aEl sistema de referencia. -- El lenguaje del aparato. -- Crítica. -- La masora | ||
| 563 | _aRústico | ||
| 630 | 0 | 7 |
_aBiblia. _pAntiguo Testamento _vHebreo. |
| 700 |
_94291 _aDaniels, Dwight R. _etraductor |
||
| 830 |
_aSubsidia Biblica ; _v8 |
||
| 942 | _cBK | ||
| 945 | _aJTF-925 | ||
| 999 |
_c66164 _d66164 |
||